000 00761nab a22002297a 4500
001 17766
003 HDC
007 cr bn ---aaaaa
008 210128c20160119my ||||o |||| 00| 00eng d
040 _aHDC
245 0 _aKPDNKK Mulls Guidelines To Segregate Halal, Non Halal Trolleys Under Business Licensing Requirements
336 _atext
_2rdacontent
337 _acomputer
_2rdamedia
338 _aonline resource
_2rdacarrier
650 _aIslamic ethics
_9277
650 _aIslamic law
_9590
710 _aBernama
856 _zRequest full-text at [email protected]
942 _2lcc
942 _cNEWS
942 _kNWSO 003333
999 _c15082
_d15082